000 00581nam a2200205Ia 4500
005 20250508164538.0
008 008 250505s9999 xx 000 0 eng d
037 _aTextual
040 _aFEDL
_beng
_cFEDL
041 _aeng
_2eng
084 _a370.115, HAR
_qFEDL
100 _aHargraves Andy (et. al)
_9778398
245 0 _aPersonal and social education: Choices and challeges
260 _aEngland
_bBasil Blackwell Ltd.
_c1988
300 _a202p.
365 _aGBP
_b17.5
546 _aMACESE
942 _cTEXL
_h370.115, HAR
999 _c1389709
_d1389709